Catalogue de la Bibliothèque de l'ENSA

Etude de quelques modèles de culture du champignon de couche Agaricus bisporus (notice nᵒ 447)

détails MARC
000 -LEADER
fixed length control field 00709nam a2200217Ia 4500
008 - FIXED-LENGTH DATA ELEMENTS--GENERAL INFORMATION
fixed length control field 160105s9999 xx 000 0 und d
041 ## - LANGUAGE CODE
Language code of text/sound track or separate title fre
100 ## - MAIN ENTRY--PERSONAL NAME
Personal name BENALLOU, A.
245 ## - TITLE STATEMENT
Title Etude de quelques modèles de culture du champignon de couche Agaricus bisporus
260 ## - PUBLICATION, DISTRIBUTION, ETC.
Date of publication, distribution, etc 1990
300 ## - PHYSICAL DESCRIPTION
Other physical details tabl., 34 réf.
502 ## - DISSERTATION NOTE
Dissertation note Mém.- Ing. : Agron.
502 ## - DISSERTATION NOTE
-- Ingénieur
502 ## - DISSERTATION NOTE
-- INA : Département de botanique
502 ## - DISSERTATION NOTE
-- 1990
653 ## - INDEX TERM--UNCONTROLLED
Uncontrolled term AGARICUS BISPORUS
654 ## - SUBJECT ADDED ENTRY--FACETED TOPICAL TERM
General subdivision CHAMPIGNON COMESTIBLE/AGARICUS/CONDITIONNEMENT/RENDEMENT/BIOLOGIE/VARIETE/COMPOSTAGE/SUBSTRAT DE CULTURE/CULTURE DE RAPPORT/CONTROLE DU MILIEU/ALGERIE
942 ## - ADDED ENTRY ELEMENTS (KOHA)
Koha item type Thèse - Mémoire
994 ## -
-- 100448
Exemplaires
Withdrawn status Lost status Damaged status Use restrictions Not for loan Home library Current library Cost, normal purchase price Shelving control number Total Checkouts Total Renewals Total Holds Full call number Barcode Cost, replacement price Koha item type
          Bibliothèque Centrale Bibliothèque Centrale 0.00         IA 1344 21/A IA 1344 21/A 0.00 Thèse - Mémoire
          Bibliothèque Centrale Bibliothèque Centrale 0.00         IA 1344 21/B IA 1344 21/B 0.00 Thèse - Mémoire
          Département de Botanique Département de Botanique 0.00         IA 1344 21/C IA 1344 21/C 0.00 Thèse - Mémoire
          Département de Botanique Département de Botanique 0.00         IA 1344 21/D IA 1344 21/D 0.00 Thèse - Mémoire

Adresse: Ecole Nationale Supérieure Agronomique Hassen Badi - El Harrach Alger, Algérie

Tél +213 (0) 23 82 85 07+213 (0) 23 82 85 12 Fax +213 23 82 85 03/04 Courriel: bibliotheque@edu.ensa.dz